Irregular Verbs Quiz - Statistics

General Stats
  • This quiz has been taken 1,252 times
  • The average score is 34 of 40
Answer Stats
Verb Answer % Correct
be was / were
97%
break broke
96%
eat ate
94%
drive drove
94%
give gave
94%
broken
92%
have had
92%
read read
92%
go went
92%
driven
91%
eaten
91%
fall fell
91%
given
91%
make made
91%
lose lost
90%
been
89%
catch caught
88%
fallen
88%
read
88%
say said
88%
write wrote
88%
made
87%
sleep slept
87%
take took
87%
had
86%
lost
86%
caught
85%
rise rose
85%
gone
84%
risen
84%
said
84%
slept
84%
taken
84%
sell sold
83%
written
81%
sold
79%
stand stood
78%
stood
75%
seek sought
54%
sought
52%
No matching quizzes found
Score Distribution
Percent of People with Each Score
Percentile by Number Answered
Your Score History
You have not taken this quiz